| 000 | 00493nam a2200145 a 4500 | ||
|---|---|---|---|
| 008 | 120416s1997 ||||||||||||||||| || u | ||
| 020 | _a0071153721 | ||
| 050 | _aTA 683.2 Lee | ||
| 100 | _aLeet, Kenneth M | ||
| 245 | 1 | 0 | _aReinforced concrete design (3rd ed.) |
| 250 | _a3rd ed. | ||
| 260 |
_aNew York _bMcGraw-Hill _c1997 |
||
| 350 | _a0.00 | ||
| 995 |
_D0.00 _FCBU-MAIN LIBRARY (Kitwe) _H1 _I15.55 _M1 _UDAMAGED _ZMain Library Open Access Collection |
||
| 999 |
_c55985 _d55985 |
||